State Arts Policy (Record no. 352561)
[ view plain ]
| 000 -LEADER | |
|---|---|
| fixed length control field | 00506nam a2200133Ia 4500 |
| 008 - FIXED-LENGTH DATA ELEMENTS--GENERAL INFORMATION | |
| fixed length control field | 171212s9999 xx 000 0 und d |
| 020 ## - INTERNATIONAL STANDARD BOOK NUMBER | |
| International Standard Book Number | 9780833045775 |
| 100 ## - MAIN ENTRY--PERSONAL NAME | |
| Personal name | Lowell, Julia F. |
| 245 ## - TITLE STATEMENT | |
| Statement of responsibility, etc | Lowell, Julia F. |
| Title | State Arts Policy |
| Remainder of title | Trends and Future Prospects |
| 260 ## - PUBLICATION, DISTRIBUTION, ETC. (IMPRINT) | |
| Name of publisher, distributor, etc | RAND Corporation |
| Date of publication, distribution, etc | 2008 |
| 650 ## - SUBJECT ADDED ENTRY--TOPICAL TERM | |
| Topical term or geographic name as entry element | Government aid to the arts -- United States; Art commissions -- United States; U.S. states -- Cultural policy |
| 650 ## - SUBJECT ADDED ENTRY--TOPICAL TERM | |
| Topical term or geographic name as entry element | Political Science |
| 856 ## - ELECTRONIC LOCATION AND ACCESS | |
| Uniform Resource Identifier | <a href="www.jstor.org/stable/10.7249/mg817wf">www.jstor.org/stable/10.7249/mg817wf</a> |
| Withdrawn status | Lost status | Damaged status | Home library | Current library | Date acquired | Total Checkouts | Full call number | Date last seen | Price effective from | Koha item type |
|---|---|---|---|---|---|---|---|---|---|---|
| College Library | College Library | 12/12/2017 | NX740.L683 2008 | 12/12/2017 | 12/12/2017 | Curriculum - Based eBooks |